FORMA Y EQUILIBRIO SOCIALES/

TRADUCCION DE: FORMA ED EQUILIBRIO SOCIALES

Guardado en:
Detalles Bibliográficos
Autor principal: Pareto, Vilfredo (autor)
Formato: Libro
Temas:
Etiquetas: Agrega una etiqueta
Sin etiquetas, Sé el primero en etiquetar este registro!

MARC

LEADER 00000nam^a2200000^a^4500
001 000225608
005 20250521000000.0
009 20260310104135.309
035 |a 044160 
037 |a Acervo Xavier Clavigero 
082 |a 301.  |b PAR 
100 |a Pareto, Vilfredo  |e (autor) 
245 1 0 |a FORMA Y EQUILIBRIO SOCIALES/  |c VILFREDO PARETO; TR. JESUS LOPEZ PACHECO 
264 |a MADRID :  |b REVISTA DE OCCIDENTE,  |c 1966 
300 |a 336p. 
336 |a texto  |b txt  |2 rdacontenido 
337 |a sin mediación  |b n  |2 rdamedio 
338 |a volumen  |b nc  |2 rdasoporte 
520 |a TRADUCCION DE: FORMA ED EQUILIBRIO SOCIALES 
649 |a XX 
650 |a SOCIOLOGIA 
910 |a Fondo General 
920 |a Impresos - Libros 
930 |a Colección General 
905 |a 101 
901 |a 044160  |b IT1  |c ACC  |i 044160  |u 20250521 
902 |a https://opac.biblio.iteso.mx/vufind/Record/000225608